000 01101nam a2200301 i 4500
003 EG-GICUC
005 20260121101326.0
008 251120s1969 ua ||||fr|||| 001 0 ara d
040 _a EG-GICUC
_bara
_c EG-GICUC
_d EG-GICUC
_erda
041 _aara
082 0 4 _a343.412
_bع ا . ج
_221
092 0 4 _221
099 _aLaw1 10 343.412 ع ا . ج 1969 1006113
100 0 _aعادل حافظ غانم.
_eمؤلف.
245 1 0 _aجرائم تهريب النقد /
_cتأليف عميد دكتور عادل حافظ غانم.
264 1 _aالقاهرة :
_bدار النهضة العربية،
_c1969.
300 _a340 صفحة ؛
_c24 سم.
336 _2rda content
_atext
337 _2rda media
_aComputer
338 _2rda carrier
_aOnline Resource
504 _aيشتمل على ارجاعات ببليوجرافية.
546 _aالنص باللغة العربية
650 1 _aقانون العقوبات المالي والنقدي.
_2qrmak
651 1 _2qrmak
856 4 0 _uhttps://fll.law.cu.edu.eg/fulltext/bks/B10-06113.pdf
905 _a18
942 _2ddc
_n0
_cBK
_e21
999 _c44969
_d44969